[Event "4NCL/Div4/CONQ1 vs. AMCAD"]
[Site "Wokefield Park ENG"]
[Date "2007.11.24"]
[Round "3.6"]
[White "Fenwick, Hugh"]
[Black "Adair, James"]
[Result "0-1"]
[WhiteElo "2035"]
[BlackElo "2044"]
[PlyCount "68"]
[EventDate "2007.11.24"]
[EventType "team"]
[EventRounds "11"]
[EventCountry "ENG"]
[SourceDate "2007.09.15"]

1. c4 Nf6 2. g3 e6 3. Bg2 d5 4. Nf3 c5 5. cxd5 Nxd5 6. Nc3 Nc6 7. d4 Be7 8. O-O
O-O 9. e4 Nxc3 10. bxc3 Bf6 11. Be3 Qa5 12. Qc2 Rd8 13. Rfd1 Bd7 14. Rab1 b5
15. d5 exd5 16. exd5 Ne7 17. Ng5 Bxg5 18. Bxg5 f6 19. Be3 Rac8 20. c4 b4 21.
Be4 f5 22. d6 Ba4 23. Qb2 fxe4 24. Qe5 Ng6 25. Qe6+ Kh8 26. d7 Rb8 27. Rd5 Nf8
28. Qe7 Rxd7 29. Rxd7 Nxd7 30. Qxe4 Qb6 31. Bf4 Nf6 32. Qf5 Re8 33. g4 Qe6 34.
Qxc5 Qe4 0-1

[Event "4NCL/Div4/SCS vs. MET"]
[Site "Wokefield Park ENG"]
[Date "2007.11.24"]
[Round "3.1"]
[White "Haydon, David"]
[Black "Noden, Nicolas"]
[Result "1/2-1/2"]
[WhiteElo "2080"]
[BlackElo "2171"]
[PlyCount "54"]
[EventDate "2007.11.24"]
[EventType "team"]
[EventRounds "11"]
[EventCountry "ENG"]
[SourceDate "2007.09.15"]

1. d4 d6 2. e4 Nf6 3. Nc3 g6 4. Nf3 Bg7 5. Be2 O-O 6. O-O Bg4 7. Ne1 Bxe2 8.
Qxe2 e5 9. dxe5 dxe5 10. Be3 Nc6 11. Qb5 Qc8 12. Nf3 Re8 13. h3 a6 14. Qc4 Nd8
15. Nd5 Nxd5 16. Qxd5 c6 17. Qb3 Ne6 18. Ng5 Nxg5 19. Bxg5 Qe6 20. Qxe6 Rxe6
21. Rfd1 f6 22. Be3 Kf7 23. Rd7+ Re7 24. Rad1 Ke8 25. Rxe7+ Kxe7 26. Bc5+ Ke8
27. Kf1 Rd8 1/2-1/2

[Event "4NCL/Div4/SCS vs. MET"]
[Site "Wokefield Park ENG"]
[Date "2007.11.24"]
[Round "3.2"]
[White "Dickson, George"]
[Black "Lutton, E Josiah"]
[Result "1/2-1/2"]
[WhiteElo "2160"]
[BlackElo "2079"]
[PlyCount "58"]
[EventDate "2007.11.24"]
[EventType "team"]
[EventRounds "11"]
[EventCountry "ENG"]
[SourceDate "2007.09.15"]

1. e4 e6 2. d4 d5 3. Nc3 Bb4 4. exd5 exd5 5. Bd3 Nf6 6. a3 Ba5 7. Bg5 h6 8. Bh4
c5 9. Bb5+ Bd7 10. Qe2+ Qe7 11. Bxf6 Bxc3+ 12. bxc3 Qxe2+ 13. Nxe2 gxf6 14.
Bxd7+ Kxd7 15. O-O-O c4 16. Nf4 Kd6 17. Rde1 h5 18. Re3 Nc6 19. h4 b5 20. Rhh3
Rag8 21. Rhf3 a5 22. Nxd5 Kxd5 23. Rf5+ Kd6 24. Rxf6+ Kc7 25. Rxf7+ Kb6 26. Re6
Re8 27. Rg6 Rhg8 28. Rh6 Rh8 29. Rg6 Rhg8 1/2-1/2

[Event "4NCL/Div4/SCS vs. MET"]
[Site "Wokefield Park ENG"]
[Date "2007.11.24"]
[Round "3.3"]
[White "Heard, Andrew H"]
[Black "Fegan, Chris"]
[Result "0-1"]
[WhiteElo "2010"]
[BlackElo "2091"]
[PlyCount "20"]
[EventDate "2007.11.24"]
[EventType "team"]
[EventRounds "11"]
[EventCountry "ENG"]
[SourceDate "2007.09.15"]

1. d4 d5 2. c4 c6 3. Nf3 Nf6 4. Nc3 e6 5. Bg5 h6 6. Bh4 dxc4 7. e4 g5 8. Bg3
Bb4 9. Bxc4 Nxe4 10. Ne5 Nxc3 0-1

[Event "4NCL/Div4/SCS vs. MET"]
[Site "Wokefield Park ENG"]
[Date "2007.11.24"]
[Round "3.4"]
[White "Vachtfeidl, Petr"]
[Black "Sandham, David"]
[Result "1-0"]
[WhiteElo "2016"]
[BlackElo "2010"]
[PlyCount "73"]
[EventDate "2007.11.24"]
[EventType "team"]
[EventRounds "11"]
[EventCountry "ENG"]
[SourceDate "2007.09.15"]

1. e4 c5 2. Nf3 g6 3. d4 cxd4 4. Nxd4 Nc6 5. c4 Nf6 6. Nc3 d6 7. Nc2 Bg7 8. Be2
O-O 9. Be3 Be6 10. O-O Qa5 11. f3 Rfc8 12. Qd2 a6 13. Rab1 Rab8 14. b4 Qd8 15.
Nd5 Bxd5 16. exd5 Ne5 17. Na3 Qd7 18. f4 Ne4 19. Qc2 Nc3 20. fxe5 Nxb1 21. Qxb1
Bxe5 22. Nc2 e6 23. dxe6 Qxe6 24. a4 f5 25. Qd1 Re8 26. Bf3 Kg7 27. Bd5 Qd7 28.
a5 Qe7 29. Qf3 Rf8 30. Nd4 Rf6 31. Nb3 Re8 32. Bg5 f4 33. Rd1 Qd7 34. Bxf6+
Kxf6 35. Nd4 Qe7 36. Ne6 g5 37. Qh5 1-0

[Event "4NCL/Div4/SCS vs. MET"]
[Site "Wokefield Park ENG"]
[Date "2007.11.24"]
[Round "3.5"]
[White "Lutton, J Arnold"]
[Black "Calvert, D Ian"]
[Result "0-1"]
[WhiteElo "1889"]
[BlackElo "2058"]
[PlyCount "98"]
[EventDate "2007.11.24"]
[EventType "team"]
[EventRounds "11"]
[EventCountry "ENG"]
[SourceDate "2007.09.15"]

1. e4 d5 2. exd5 Qxd5 3. Nc3 Qd6 4. d4 Nf6 5. Be3 c6 6. Bc4 Bf5 7. Nf3 e6 8.
Nh4 Bg6 9. O-O Be7 10. g3 Nd5 11. Nxg6 hxg6 12. Nxd5 cxd5 13. Bf4 Qb6 14. Bb3
Nc6 15. c3 O-O 16. Re1 Bf6 17. Qf3 Na5 18. Qd1 Nxb3 19. Qxb3 Qc6 20. g4 b5 21.
a3 Rfc8 22. a4 a6 23. Ra2 Qc4 24. Qxc4 bxc4 25. a5 Ra7 26. Rb1 Rb7 27. Ra3 Bd8
28. Bd6 Rb5 29. Bb4 Rcb8 30. Kf1 f6 31. Re1 Kf7 32. Re2 Be7 33. Bxe7 Kxe7 34.
Ra2 Kd6 35. f4 Re8 36. Kf2 e5 37. fxe5+ fxe5 38. dxe5+ Rxe5 39. Rxe5 Kxe5 40.
Ke3 Rb8 41. Kf3 d4 42. cxd4+ Kxd4 43. h3 Rb3+ 44. Kg2 Rb4 45. Kf3 Kd3 46. Ra3+
Rb3 47. Ra2 Kc2+ 48. Kg2 Rxb2 49. Ra4 Kb3+ 0-1

[Event "4NCL/Div4/SSC vs. BRI2"]
[Site "Wokefield Park ENG"]
[Date "2007.11.24"]
[Round "3.1"]
[White "Elliston, Robert"]
[Black "Oliver, Huw"]
[Result "1/2-1/2"]
[WhiteElo "2113"]
[BlackElo "2160"]
[PlyCount "78"]
[EventDate "2007.11.24"]
[EventType "team"]
[EventRounds "11"]
[EventCountry "ENG"]
[SourceDate "2007.09.15"]

1. c4 Nf6 2. g3 c6 3. Nf3 d5 4. Bg2 e6 5. b3 Bd6 6. Bb2 O-O 7. O-O b5 8. Qc2
bxc4 9. bxc4 h6 10. d3 Na6 11. Nbd2 Rb8 12. Rab1 Qc7 13. Rfc1 Nb4 14. Qa4 Nd7
15. cxd5 exd5 16. a3 Nc5 17. Rxc5 Bxc5 18. Be5 Bd6 19. Bxd6 Qxd6 20. axb4 Re8
21. e3 Bf5 22. Rb3 c5 23. bxc5 Qxc5 24. Nd4 Qc1+ 25. Nf1 Qd1 26. Ra3 Qxa4 27.
Rxa4 Bxd3 28. Rxa7 Rb1 29. Nf3 Rc8 30. N3d2 Rd1 31. Bxd5 Bxf1 32. Bxf7+ Kh7 33.
Nxf1 Rcc1 34. Be6 Rxf1+ 35. Kg2 Rg1+ 36. Kf3 Kg6 37. g4 Rh1 38. Bf5+ Kf6 39.
Ra6+ Kf7 1/2-1/2

[Event "4NCL/Div4/SSC vs. BRI2"]
[Site "Wokefield Park ENG"]
[Date "2007.11.24"]
[Round "3.2"]
[White "Collier, David O"]
[Black "Salimbeni, George"]
[Result "1/2-1/2"]
[WhiteElo "2131"]
[BlackElo "2058"]
[PlyCount "79"]
[EventDate "2007.11.24"]
[EventType "team"]
[EventRounds "11"]
[EventCountry "ENG"]
[SourceDate "2007.09.15"]

1. d4 Nf6 2. Bg5 d5 3. Bxf6 exf6 4. c4 dxc4 5. e3 Be6 6. Nf3 c6 7. Nfd2 Bb4 8.
Be2 O-O 9. O-O b5 10. a4 f5 11. Qc2 g6 12. axb5 cxb5 13. b3 Bxd2 14. Nxd2 cxb3
15. Nxb3 Qb6 16. Bf3 Bxb3 17. Qxb3 Nc6 18. Rfc1 Rac8 19. Rc5 a6 20. g3 Na7 21.
Qa3 b4 22. Qxa6 Qxa6 23. Rxa6 Rxc5 24. dxc5 Nb5 25. Rb6 Nc3 26. Rxb4 Rc8 27.
Rc4 Ne4 28. Bxe4 fxe4 29. Kf1 f5 30. Ke2 Kf7 31. Kd2 Ke6 32. Kc3 Ra8 33. c6 Kd5
34. c7 Rc8 35. h4 h5 36. Kb4 Kd6 37. Kb5 Rxc7 38. Rxc7 Kxc7 39. Kc5 Kd7 40. Kd5
1/2-1/2

[Event "4NCL/Div4/SSC vs. BRI2"]
[Site "Wokefield Park ENG"]
[Date "2007.11.24"]
[Round "3.3"]
[White "Fraser, Joe P"]
[Black "Curtis, John"]
[Result "1-0"]
[WhiteElo "1967"]
[BlackElo "2131"]
[PlyCount "65"]
[EventDate "2007.11.24"]
[EventType "team"]
[EventRounds "11"]
[EventCountry "ENG"]
[SourceDate "2007.09.15"]

1. e4 d6 2. d4 Nf6 3. Nc3 e5 4. Nf3 Nbd7 5. Bc4 Be7 6. h3 c6 7. dxe5 dxe5 8. a4
a5 9. Qe2 O-O 10. O-O Qc7 11. Nh4 Nc5 12. Nf5 Re8 13. Nxe7+ Qxe7 14. Bg5 Be6
15. Rfd1 Rad8 16. b3 Rxd1+ 17. Rxd1 Rd8 18. f3 Bxc4 19. Qxc4 Ne6 20. Be3 Rxd1+
21. Nxd1 Qd6 22. Nf2 Nd7 23. Nd3 Nd4 {=} 24. Nxe5 Nxe5 25. Qxd4 Nxf3+ 26. gxf3
Qg3+ 27. Kf1 Qxh3+ 28. Ke2 h5 29. Qd8+ Kh7 30. Qg5 Qh2+ 31. Bf2 g6 32. Qg3 Qh1
33. Bg1 1-0

[Event "4NCL/Div4/SSC vs. BRI2"]
[Site "Wokefield Park ENG"]
[Date "2007.11.24"]
[Round "3.4"]
[White "Bass, John W"]
[Black "Tucker, Andrew L"]
[Result "1/2-1/2"]
[WhiteElo "2094"]
[BlackElo "1957"]
[PlyCount "44"]
[EventDate "2007.11.24"]
[EventType "team"]
[EventRounds "11"]
[EventCountry "ENG"]
[SourceDate "2007.09.15"]

1. d4 Nf6 2. Nf3 g6 3. c4 Bg7 4. Nc3 O-O 5. Bg5 d6 6. e3 Nbd7 7. Be2 c6 8. O-O
Qc7 9. Rc1 e5 10. Qc2 Re8 11. dxe5 dxe5 12. Nd2 a5 13. Rfd1 Nc5 14. Bxf6 Bxf6
15. Nde4 Nxe4 16. Nxe4 Be7 17. c5 Bf5 18. Bd3 Bxe4 19. Bxe4 Rad8 20. a3 Rxd1+
21. Rxd1 Rd8 22. b4 Rxd1+ 1/2-1/2

[Event "4NCL/Div4/SSC vs. BRI2"]
[Site "Wokefield Park ENG"]
[Date "2007.11.24"]
[Round "3.5"]
[White "Grant, David"]
[Black "Humphreys, Jerry"]
[Result "1/2-1/2"]
[WhiteElo "1924"]
[BlackElo "2078"]
[PlyCount "45"]
[EventDate "2007.11.24"]
[EventType "team"]
[EventRounds "11"]
[EventCountry "ENG"]
[SourceDate "2007.09.15"]

1. e4 c5 2. c3 Nf6 3. e5 Nd5 4. g3 Qc7 5. Nf3 Nc6 6. Qe2 e6 7. Na3 a6 8. Bg2 d6
9. exd6 Bxd6 10. Nc4 Be7 11. O-O O-O 12. Rd1 Bf6 13. d4 cxd4 14. cxd4 Bd7 15.
Bg5 Bxg5 16. Nxg5 h6 17. Ne4 Rad8 18. Rac1 Qb8 19. Ne3 Nce7 20. Nc5 Bc6 21. Bh3
Rfe8 22. Qh5 Nf6 23. Qe5 1/2-1/2

[Event "4NCL/Div4/SSC vs. BRI2"]
[Site "Wokefield Park ENG"]
[Date "2007.11.24"]
[Round "3.6"]
[White "Hardy, Roger"]
[Black "Woods, Tim"]
[Result "1/2-1/2"]
[WhiteElo "2026"]
[BlackElo "1940"]
[PlyCount "64"]
[EventDate "2007.11.24"]
[EventType "team"]
[EventRounds "11"]
[EventCountry "ENG"]
[SourceDate "2007.09.15"]

1. g3 g6 2. c4 Bg7 3. Bg2 d6 4. Nf3 e5 5. d3 Nc6 6. Nc3 f5 7. O-O Nf6 8. e4 O-O
9. a3 a5 10. Rb1 h6 11. Nh4 Ne7 12. exf5 gxf5 13. f4 c6 14. Qe2 Qc7 15. c5 dxc5
16. fxe5 Ng4 17. h3 Nxe5 18. Bf4 Qd6 19. Rbd1 Qd4+ 20. Be3 Qd6 {=} 21. Na4 Nd7
22. Kh2 b5 23. Bf4 Qf6 24. Nc3 Ne5 25. Nxb5 Ba6 26. Nc7 Bxd3 27. Bxe5 Qxe5 28.
Qxe5 Bxe5 29. Nxa8 Bxf1 30. Rxf1 Rxa8 31. Nxf5 Nxf5 32. Rxf5 Bxb2 1/2-1/2

[Event "4NCL/Div4/PONTY vs. PPA2"]
[Site "Wokefield Park ENG"]
[Date "2007.11.24"]
[Round "3.1"]
[White "Sully, David"]
[Black "Dunn, Andrew"]
[Result "0-1"]
[WhiteElo "2135"]
[BlackElo "2198"]
[PlyCount "106"]
[EventDate "2007.11.24"]
[EventType "team"]
[EventRounds "11"]
[EventCountry "ENG"]
[SourceDate "2007.09.15"]

1. e4 c6 2. c4 d5 3. exd5 Nf6 4. Nc3 cxd5 5. cxd5 Nxd5 6. Nf3 Nc6 7. d4 Bg4 8.
Be2 e6 9. O-O Be7 10. h3 Bh5 11. Qb3 Qb6 12. Nxd5 Qxb3 13. Nc7+ Kd7 14. axb3
Kxc7 15. Bf4+ Bd6 16. Be3 Rhd8 17. Rfc1 a6 18. g4 Bg6 19. Ne5 Bxe5 20. dxe5 Be4
21. f4 Rd7 22. b4 Bd3 23. Kf2 Bxe2 24. Kxe2 Rad8 25. Ke1 Rd3 26. Ra3 Rxa3 27.
bxa3 Rd3 28. Bc5 Rxh3 29. a4 Rh1+ 30. Kd2 Rxc1 31. Kxc1 b6 32. Bd6+ Kd7 33. Kd2
f6 34. g5 fxg5 35. fxg5 Nd4 36. Bf8 g6 37. Ke3 Nf5+ 38. Kf4 Kc6 39. Ke4 Ng3+
40. Kf3 Nf1 41. Ke4 Nd2+ 42. Ke3 Nc4+ 43. Kd4 Nb2 44. a5 bxa5 45. bxa5 Kb5 46.
Be7 Nc4 47. Bd8 Nd2 48. Ke3 Nb3 49. Kd3 Nxa5 50. Kc3 Nc6 51. Bc7 Kc5 52. Kb3
Kd5 53. Ka4 Ke4 0-1

[Event "4NCL/Div4/PONTY vs. PPA2"]
[Site "Wokefield Park ENG"]
[Date "2007.11.24"]
[Round "3.2"]
[White "Winfridsson, Ola"]
[Black "Gilbert, Jonathan A"]
[Result "1/2-1/2"]
[WhiteElo "2108"]
[BlackElo "2058"]
[PlyCount "41"]
[EventDate "2007.11.24"]
[EventType "team"]
[EventRounds "11"]
[EventCountry "ENG"]
[SourceDate "2007.09.15"]

1. d4 d5 2. c4 c6 3. Nf3 Nf6 4. Qc2 g6 5. Bf4 Bg7 6. e3 Bf5 7. Qb3 Qb6 8. c5
Qxb3 9. axb3 Nbd7 10. b4 O-O 11. b5 Nh5 12. Nbd2 Nxf4 13. exf4 f6 14. bxc6 bxc6
15. Ra6 Rfc8 16. b4 e5 17. Be2 Rab8 18. Ra4 Rc7 19. Ba6 Re8 20. O-O exf4 21.
Rfa1 1/2-1/2

[Event "4NCL/Div4/PONTY vs. PPA2"]
[Site "Wokefield Park ENG"]
[Date "2007.11.24"]
[Round "3.3"]
[White "Davis, Lee"]
[Black "Goodger, Martyn"]
[Result "1/2-1/2"]
[WhiteElo "2066"]
[BlackElo "2067"]
[PlyCount "65"]
[EventDate "2007.11.24"]
[EventType "team"]
[EventRounds "11"]
[EventCountry "ENG"]
[SourceDate "2007.09.15"]

1. d4 f5 2. e4 fxe4 3. Nc3 Nf6 4. f3 d5 5. fxe4 dxe4 6. Bg5 Bf5 7. Bc4 e6 8.
Nge2 Nc6 9. d5 Na5 10. Bb5+ c6 11. dxc6 Nxc6 12. Nd4 Rc8 13. Rf1 Bb4 14. Nxf5
exf5 15. Qxd8+ Rxd8 16. Rxf5 O-O 17. Bxc6 Bxc3+ 18. bxc3 bxc6 19. Ke2 Nd5 20.
Rxf8+ Rxf8 21. c4 Nb6 22. Rb1 Rf5 23. Be3 Ra5 24. Rb2 Ra4 25. h4 Rxc4 26. g4
Kf7 27. Bxb6 axb6 28. Rxb6 Rxc2+ 29. Ke3 Rxa2 30. Rxc6 Ra4 31. Rc7+ Kf6 32.
Rc6+ Kf7 33. Rb6 1/2-1/2

[Event "4NCL/Div4/PONTY vs. PPA2"]
[Site "Wokefield Park ENG"]
[Date "2007.11.24"]
[Round "3.4"]
[White "McMahon, Paul"]
[Black "Perrett, David"]
[Result "1/2-1/2"]
[WhiteElo "2031"]
[BlackElo "2032"]
[PlyCount "93"]
[EventDate "2007.11.24"]
[EventType "team"]
[EventRounds "11"]
[EventCountry "ENG"]
[SourceDate "2007.09.15"]

1. Nc3 f5 2. e4 d6 3. Bc4 Nf6 4. d3 Nc6 5. Nf3 Na5 6. Bb3 Nxb3 7. axb3 fxe4 8.
Nxe4 e5 9. h3 Be7 10. Ng3 O-O 11. O-O Qe8 12. Re1 Nh5 13. d4 Nxg3 14. fxg3 Qg6
15. Kh2 e4 16. Qe2 exf3 17. Qc4+ d5 18. Qxd5+ Qf7 19. Qxf3 Bd6 20. Qc3 Be6 21.
Be3 Bd5 22. Qd2 Qg6 23. Bf2 b5 24. Re3 b4 25. Rae1 Rae8 26. R1e2 Rxe3 27. Qxe3
Bf4 28. Qe7 Bd6 29. Qe3 {=} h5 30. h4 Bc6 31. c4 bxc3 32. bxc3 Re8 33. Qd2 Rxe2
34. Qxe2 Qg4 35. Qc4+ Kh8 36. Qxc6 Qxh4+ 37. Kg1 Qg4 38. Qf3 Qg6 39. c4 Kh7 40.
Kf1 Be7 41. Qc3 Bf6 42. b4 Qb1+ 43. Qe1 Qd3+ 44. Qe2 Qb1+ 45. Be1 g6 46. Qd2
Qe4 47. Bf2 1/2-1/2

[Event "4NCL/Div4/PONTY vs. PPA2"]
[Site "Wokefield Park ENG"]
[Date "2007.11.24"]
[Round "3.5"]
[White "Davies, Peter L"]
[Black "Morris, Simon"]
[Result "1-0"]
[WhiteElo "2001"]
[BlackElo "1900"]
[PlyCount "129"]
[EventDate "2007.11.24"]
[EventType "team"]
[EventRounds "11"]
[EventCountry "ENG"]
[SourceDate "2007.09.15"]

1. c4 Nf6 2. Nc3 c5 3. Nf3 Nc6 4. g3 g6 5. Bg2 Bg7 6. O-O O-O 7. e4 d6 8. d3
Bg4 9. h3 Bxf3 10. Bxf3 Nd7 11. Rb1 Nde5 12. Bg2 Nd4 13. Bg5 Qd7 14. Nd5 Nec6
15. a3 a5 16. Nb6 Qc7 17. Nxa8 Rxa8 18. Be3 a4 19. f4 Nb3 20. g4 Bd4 21. Bxd4
Nbxd4 22. g5 e6 23. Rf2 Qe7 24. Qg4 Ra6 25. Rbf1 Rb6 26. h4 Rb3 27. Rd1 Qf8 28.
h5 Ne7 29. Bh3 Qg7 30. h6 Qf8 31. Qg2 Qc8 32. Bg4 Qd7 33. Rdd2 Rb6 34. Rf1 Rb3
35. Qh3 Kf8 36. Qe3 Kg8 37. Re1 Rb6 38. Rf2 Kf8 39. Bh3 Rb3 40. Bg4 Rb6 41.
Ref1 Kg8 42. Qe1 Kf8 43. Qa5 Ra6 44. Qc3 Rb6 45. b4 axb3 46. Qb2 Ke8 47. f5
exf5 48. exf5 Nexf5 49. Bxf5 gxf5 50. Rxf5 Qxf5 51. Rxf5 Nxf5 52. Kf2 Nd4 53.
Ke3 Kd7 54. Kd2 Nf3+ 55. Kc1 Ne5 56. Kb1 Kc7 57. Qe2 Kd7 58. Qe4 b2 59. Qxh7
Kc7 60. Qe4 Kd7 61. h7 Ng6 62. Qf5+ Ke7 63. Qf6+ Ke8 64. Qxg6 fxg6 65. h8=Q+
1-0

[Event "4NCL/Div4/OXF2 vs. ATH"]
[Site "Wokefield Park ENG"]
[Date "2007.11.24"]
[Round "3.1"]
[White "Starkie, Ray"]
[Black "Spreeuw, Jaap"]
[Result "0-1"]
[WhiteElo "2140"]
[BlackElo "2276"]
[PlyCount "76"]
[EventDate "2007.11.24"]
[EventType "team"]
[EventRounds "11"]
[EventCountry "ENG"]
[SourceDate "2007.09.15"]

1. d4 d5 2. Bf4 Nf6 3. e3 c5 4. c3 Nc6 5. Nd2 Qb6 6. Qc1 Bf5 7. Ngf3 Rc8 8. Be2
h6 9. h3 e6 10. g4 Bg6 11. O-O Be7 12. dxc5 Qxc5 13. b4 Qb6 14. b5 Na5 15. Ne5
Be4 16. Qb2 g5 17. Bh2 Bc5 18. Bf3 Bxf3 19. Ndxf3 Ke7 20. Nd4 Ne4 21. Rac1 Rhd8
22. f3 Nd6 23. Qb1 Nac4 24. Nxc4 Nxc4 25. Qd3 Bxd4 26. exd4 Rh8 27. Rb1 Rcg8
28. Rfe1 Kd7 29. Kg2 h5 30. Bg3 Rh6 31. a4 Rgh8 32. Qd1 hxg4 33. hxg4 Rh3 34.
Bf2 Qd6 35. Rg1 Qf4 36. Qe2 Rxf3 37. Kf1 Rh2 38. Rg2 Ne3+ 0-1

[Event "4NCL/Div4/OXF2 vs. ATH"]
[Site "Wokefield Park ENG"]
[Date "2007.11.24"]
[Round "3.2"]
[White "Hopper, Paul"]
[Black "Bruce, Dave"]
[Result "1/2-1/2"]
[WhiteElo "2166"]
[BlackElo "2109"]
[PlyCount "53"]
[EventDate "2007.11.24"]
[EventType "team"]
[EventRounds "11"]
[EventCountry "ENG"]
[SourceDate "2007.09.15"]

1. e4 e6 2. d4 d5 3. Nc3 Bb4 4. e5 c5 5. a3 Bxc3+ 6. bxc3 Ne7 7. Qg4 Qc7 8.
Qxg7 Rg8 9. Qxh7 cxd4 10. Ne2 Nbc6 11. f4 Bd7 12. Qd3 dxc3 13. Nxc3 O-O-O 14.
Rb1 Na5 15. h4 Nf5 16. Rh3 Nc4 17. h5 Rg4 18. Qf3 Rdg8 19. h6 Nce3 20. Bxe3
Qxc3+ 21. Bd2 Qxf3 22. Rxf3 Nxh6 23. Rfb3 Bc6 24. a4 Nf5 25. a5 Rg3 26. Rxg3
Rxg3 27. Rb3 1/2-1/2

[Event "4NCL/Div4/OXF2 vs. ATH"]
[Site "Wokefield Park ENG"]
[Date "2007.11.24"]
[Round "3.3"]
[White "Morris, Graham"]
[Black "Wade, Robert G"]
[Result "0-1"]
[WhiteElo "2059"]
[BlackElo "2151"]
[PlyCount "126"]
[EventDate "2007.11.24"]
[EventType "team"]
[EventRounds "11"]
[EventCountry "ENG"]
[SourceDate "2007.09.15"]

1. e4 e6 2. d3 d5 3. Nd2 dxe4 4. dxe4 Bd7 5. Ngf3 Bc5 6. Bc4 Nf6 7. O-O Bc6 8.
Qe2 Nbd7 9. c3 a6 10. h3 b5 11. Bd3 Nh5 12. Nd4 Nf4 13. Qf3 Bxd4 14. cxd4 Nxd3
15. Qxd3 O-O 16. Qc3 Bb7 17. f3 f5 18. e5 Bd5 19. Nb3 c6 20. Nc5 a5 21. Be3 b4
22. Qc2 Nxc5 23. Qxc5 Rb8 24. b3 Rb5 25. Qc1 Qa8 26. Bg5 Qa7 27. Qd2 h6 28. Be3
Qf7 29. f4 Ra8 30. Rfc1 a4 31. Qb2 Qa7 32. Kh2 axb3 33. axb3 Ra5 34. Rxa5 Qxa5
35. Rc2 Qb5 36. Rc5 Qd3 37. Bd2 Qe2 38. Bc1 Ra2 39. Qxe2 Rxe2 40. Kg1 Rxg2+ 41.
Kf1 Rg3 42. Ke2 Rxh3 43. Be3 Rh1 44. Bd2 Rb1 45. Bxb4 Rxb3 46. Bd2 Rb2 47. Rc1
g5 48. fxg5 hxg5 49. Rg1 Bc4+ 50. Kd1 g4 51. Rg3 Ra2 52. Rc3 Bd5 53. Bg5 Kf7
54. Kc1 Ra4 55. Rd3 Kg6 56. Bf4 Ra1+ 57. Kd2 Rf1 58. Bg3 Kg5 59. Rc3 f4 60. Be1
Rh1 61. Ke2 Kf5 62. Bf2 Ke4 63. Ra3 g3 0-1

[Event "4NCL/Div4/OXF2 vs. ATH"]
[Site "Wokefield Park ENG"]
[Date "2007.11.24"]
[Round "3.4"]
[White "McKeown, Paul"]
[Black "Stembridge, Ed"]
[Result "0-1"]
[WhiteElo "2095"]
[BlackElo "1993"]
[PlyCount "126"]
[EventDate "2007.11.24"]
[EventType "team"]
[EventRounds "11"]
[EventCountry "ENG"]
[SourceDate "2007.09.15"]

1. d4 Nf6 2. c4 e6 3. Nf3 b6 4. Nc3 Bb4 5. Bg5 h6 6. Bh4 g5 7. Bg3 Ne4 8. Rc1
Bxc3+ 9. bxc3 d6 10. e3 Bb7 11. Bd3 Nd7 12. O-O Qe7 13. Nd2 Nxd2 14. Qxd2 h5
15. f3 O-O-O 16. c5 dxc5 17. Qe2 h4 18. Bf2 e5 19. Ba6 exd4 20. cxd4 cxd4 21.
Bxb7+ Kxb7 22. Qc2 Nb8 23. exd4 Rd5 24. Rfe1 Qd7 25. Re3 Rd8 26. Rc3 c6 27. f4
f6 28. a4 Rc8 29. Qg6 Qf5 30. Qxf5 Rxf5 31. fxg5 fxg5 32. g4 hxg3 33. Rxg3 Re8
34. Be3 Re4 35. Bxg5 Rxd4 36. h4 Nd7 37. Re1 Ne5 38. Kg2 Rxa4 39. h5 Nf7 40.
Re7+ Ka6 41. Be3 Rh4 42. Rg7 {=} Rhxh5 43. Rgxf7 Rxf7 44. Rxf7 Ra5 45. Kf3 Kb5
46. Ke4 Kc4 47. Rb7 c5 48. Bf4 b5 49. Bb8 a6 50. Bc7 Ra2 51. Bb6 Re2+ 52. Kf5
Kb4 53. Ra7 Ra2 54. Ke4 a5 55. Kd5 c4 56. Kd4 Rd2+ 57. Ke3 Rd3+ 58. Ke2 a4 59.
Bc7 Kb3 60. Be5 a3 61. Bf6 Rd5 62. Be7 b4 63. Bf8 c3 0-1

[Event "4NCL/Div4/OXF2 vs. ATH"]
[Site "Wokefield Park ENG"]
[Date "2007.11.24"]
[Round "3.5"]
[White "Ludbrook, Matt"]
[Black "Stevenson, James A B"]
[Result "0-1"]
[WhiteElo "2046"]
[BlackElo "2067"]
[PlyCount "75"]
[EventDate "2007.11.24"]
[EventType "team"]
[EventRounds "11"]
[EventCountry "ENG"]
[SourceDate "2007.09.15"]

1. e4 c5 2. Nc3 e6 3. d3 d5 4. g3 Nf6 5. Bg2 Be7 6. Nh3 Nc6 7. O-O O-O 8. f4
dxe4 9. Nxe4 Qb6 10. Nhf2 Rd8 11. c3 Nd5 12. Qe2 a5 13. a4 Qc7 14. Re1 b6 15.
Bh3 Bf8 16. Ng5 Re8 17. Nf3 Bb7 18. Bd2 g6 19. Nh4 Bg7 20. f5 gxf5 21. Bxf5 Nf6
22. Ng4 exf5 23. Nxf6+ Bxf6 24. Qxe8+ Rxe8 25. Rxe8+ Kg7 26. Nxf5+ Kg6 27. Rf1
h5 28. Bf4 Qd7 29. Nd6 Ne7 30. Rb8 Bc6 31. Rxb6 Nd5 32. Ne4 Nxb6 33. Nxf6 Kxf6
34. Bc7+ Kg6 35. Bxb6 Qd5 36. Kf2 Qg2+ 37. Ke1 Bf3 38. Rf2 0-1

[Event "4NCL/Div4/OXF2 vs. ATH"]
[Site "Wokefield Park ENG"]
[Date "2007.11.24"]
[Round "3.6"]
[White "Aniecko, Colin"]
[Black "Jeffries, Majid"]
[Result "1/2-1/2"]
[WhiteElo "1712"]
[BlackElo "2012"]
[PlyCount "125"]
[EventDate "2007.11.24"]
[EventType "team"]
[EventRounds "11"]
[EventCountry "ENG"]
[SourceDate "2007.09.15"]

1. e4 c5 2. Nf3 d6 3. d4 cxd4 4. Qxd4 Nc6 5. Bb5 Bd7 6. Bxc6 Bxc6 7. Nc3 e6 8.
Bg5 Qa5 9. O-O-O f6 10. Bh4 b5 11. Kb1 Rc8 12. Rhe1 e5 13. Qd2 Nh6 14. h3 Nf7
15. Nh2 Be7 16. g4 h5 17. Bg3 h4 18. Bf4 exf4 19. Qxf4 Ne5 20. Nd5 Bxd5 21.
exd5 Qc7 22. Qd2 g5 23. b3 Kf7 24. Re2 Qc3 25. Qc1 Qb4 26. f3 Rhe8 27. Re4 Qc5
28. f4 gxf4 29. Rxf4 Rg8 30. Nf1 Bf8 31. g5 Rxg5 32. Rxh4 Bg7 33. Nd2 Qf2 34.
Ne4 Qxh4 35. Nxd6+ Kg6 36. Nxc8 Qxh3 37. Nxa7 Qd7 38. Qe3 Rg4 39. Qb6 b4 40.
Nb5 Bh6 41. a4 bxa3 42. Nxa3 Bf8 43. Rf1 Be7 44. c4 Rg3 45. Nc2 Qh3 46. Rg1
Rxg1+ 47. Qxg1+ Kf7 48. Qe3 Qf1+ 49. Kb2 Qf5 50. Kc3 Ng4 51. Qe2 Bd6 52. b4
Be5+ 53. Kb3 Qf4 54. c5 f5 55. Qd3 Nf2 56. Qe3 Qxe3+ 57. Nxe3 f4 58. Nf1 Ne4
59. Kc4 Ke7 60. b5 Kd7 61. b6 f3 62. c6+ Kc8 63. Kb5 1/2-1/2

[Event "4NCL/Div4/FCA2 vs. NOTT2"]
[Site "Wokefield Park ENG"]
[Date "2007.11.24"]
[Round "3.1"]
[White "Habershon, Paul"]
[Black "de Mooi, CJ."]
[Result "1/2-1/2"]
[WhiteElo "2094"]
[BlackElo "2040"]
[PlyCount "62"]
[EventDate "2007.11.24"]
[EventType "team"]
[EventRounds "11"]
[EventCountry "ENG"]
[SourceDate "2007.09.15"]

1. e4 c6 2. d3 d5 3. Nd2 e5 4. Ngf3 Bg4 5. Be2 Bd6 6. exd5 cxd5 7. Nxe5 Bxe2 8.
Qxe2 Qe7 9. Nef3 Nc6 10. Qxe7+ Ngxe7 11. a3 O-O 12. Nb3 Rac8 13. Bd2 Nf5 14.
O-O-O Rc7 15. Kb1 b5 16. Rhe1 Ra8 17. Re2 a5 18. Rde1 Kf8 19. g4 Nfe7 20. Nbd4
b4 21. Nb5 Rd7 22. Nxd6 Rxd6 23. axb4 axb4 24. Bxb4 Nxb4 25. Rxe7 Rda6 26. Kc1
Rc6 27. Nd4 Nxd3+ 28. Kd2 Nxe1 29. Nxc6 Nf3+ 30. Ke3 Nxh2 31. Rc7 Nxg4+ 1/2-1/2